000 00243nam a2200097Ia 4500
001 892172
005 20250826184231.0
008 250824s9999 xx 000 0 und d
245 0 _aHEİDİ
_cİPEK ONGUN VE GENÇLER
260 _bAKVARYUM YAYINLARI
999 _c892172
_d892172